Surnom rappeurs FR - Statistiques

Statistiques générales
  • Ce quiz a été pris 115 fois
  • Le résultat moyen est 8 sur 15
Statistiques - réponses
Surnom Rappeur % Correct
Le S SCH
95%
L’ovni Jul
94%
Jefe Ninho
86%
Le duc de boulogne Booba
85%
Charo Niska
84%
Dozo Kaaris
65%
L’Empereur du Sale Lorenzo
57%
L'homme au bob Gradur
56%
Yougataga Mister You
55%
Man of the year Laylow
21%
Johnny Niuuum Sadek
20%
Professeur Punchline Seth Guecko
14%
Général Mac Tyer
10%
Le king de Boulogne Zoxea
4%
Le Black Jacques Brel Oxmo Puccino
3%
Aucun quiz correspondant
Distribution des résultats
% des personnes avec chaque résultat
Percentile par nombre de réponses
Votre historique - résultats
Vous n’avez pas pris ce quiz